Normal view
MARC view
- Agricultura
Entry Materia
001 - NÚMERO DE CONTROL DEL REGISTRO
- campo de control: 2003
003 - IDENTIFICADOR DE NUMERO DE CONTROL
- campo de control: MX-MxUPN
005 - FECHA Y HORA DE LA ÚLTIMA TRANSACCIÓN
- campo de control: 20240807125058.0
008 - DATOS DE LONGITUD FIJA
- campo de control de longitud fija: 240807n| fcnnnbabn | ana |d
035 ## - NÚMERO DE CONTROL DEL SISTEMA
- Número de control del sistema: UPN10000002003
040 ## - FUENTE DE LA CATALOGACIÓN
- Centro catalogador de origen: MX-MxUPN
- Lengua de catalogación: spa
- Agencia de transcripción: MX-MxUPN
150 ## - ENCABEZAMIENTO - TEMÁTICO
- Término de materia o nombre geográfico como elemento inicial: Agricultura
- Subdivisión de materia general: Estudio y enseñanza
670 ## - FUENTE EN LA QUE SE LOCALIZARON DATOS
- Cita de la fuente: E
680 ## - NOTA GENERAL CON DESPLIEGUE PÚBLICO
- Texto explicativo: Aquí se asientan las obras que tratan temas extrictamente sobre métodos de instrucción. Confróntese:
- Encabezamiento: COLEGIOS AGRICOLAS
- Texto explicativo: bajo cuyo encabezamiento se asientan las obras sobre la descripción histórica, estadística, etc. de los colegios; y
- Encabezamiento: EDUCACION AGRICOLA
- Texto explicativo: que abarca obras generales y extensas sobre la educación en la agricultura
902 ## - CATALOGADOR
- Catalogador: MEEG/251196
